• Ramírez de Prado, Alonso,

di Personal Name

Records bibliografici associati: 1

001 - CONTROL NUMBER

  • control field: 63274

003 - CONTROL NUMBER IDENTIFIER

  • control field: IT-RoINE

005 - DATE AND TIME OF LATEST TRANSACTION

  • control field: 20191009104849.0

008 - FIXED-LENGTH DATA ELEMENTS

  • fixed length control field: 191009|| aca||aabn | a|a d

040 ## - CATALOGING SOURCE

  • Original cataloging agency: IT-RoINE
  • Transcribing agency: IT-RoINE

100 ## - HEADING--PERSONAL NAME

  • Personal name: Ramírez de Prado, Alonso,
  • Dates associated with a name: 1549-1608

670 ## - SOURCE DATA FOUND

  • Source citation: Work cat.: (IT-RoINE): Documentos para la Historia del Monasterio de San Lorenzo el Real de El Escorial. VII., 1964.